000 00792 a2200253 4500
003 CBULib
005 20241021110437.0
008 241021b |||||||| |||| 00| 0 eng d
020 _a9780123747198
040 _bEnglish
_cCBULib
_erda
041 _aeng
050 _aQA 379 Pow
100 _aPowers, David L.
245 _aBoundary value problems and partial difference equations
_c/ by David L. Powers
250 _aSixth edition
260 _bElsevier,
_c2010
_aLondon :
300 _axi, 506 pages : illustrations
336 _2rdacontent
_aText |
_btxt
337 _2rdamedia
_aUnmediated |
_bn
338 _2rdacarrier
_aVolume
_bnc
650 0 _93775
_aBOUNDARY VALUE PROBLEMS --TEXTBOOKS
650 0 _93774
_aDIFFERENTIAL EQUATIONS, PARTIAL -- TEXTBOOKS
942 _2lcc
_c002
999 _c85668
_d85668